Statistics for E&S方式導入駅

Click here to take the quiz!

General Stats

  • This quiz has been taken 24 times
  • The average score is 16 of 31

Answer Stats

所属路線駅名% Correct
あいの風とやま鉄道線富山貨物
78%
桜島線安治川口
72%
奥羽本線秋田貨物
67%
根室本線釧路貨物
67%
室蘭本線東室蘭
67%
関西本線百済貨物ターミナル
67%
東海道本線吹田貨物ターミナル
61%
東海道本線横浜羽沢
61%
白新線新潟貨物ターミナル
61%
新湊線高岡貨物
56%
予讃線高松貨物ターミナル
56%
IRいしかわ鉄道線金沢貨物ターミナル
56%
室蘭本線苫小牧貨物
56%
山陽本線神戸貨物ターミナル
50%
東海道本線川崎貨物
50%
山陽本線広島貨物ターミナル
50%
東海道本線静岡貨物
50%
常磐線土浦
50%
鹿児島本線北九州貨物
50%
鹿児島本線熊本
50%
山陽本線岡山貨物ターミナル
44%
青い森鉄道線八戸貨物
44%
東海道本線京都貨物
44%
東北本線郡山貨物ターミナル
44%
北陸本線南福井
44%
東海道本線岐阜貨物ターミナル
39%
鹿児島本線鳥栖貨物ターミナル
39%
山陽本線新南陽
39%
信越本線南長岡
33%
山陽本線姫路貨物
28%
鹿児島本線八代
28%

Score Distribution

Percentile by Number Answered

Percent of People with Each Score

Your Score History

You have not taken this quiz